Performance analysis of reinforced concrete beam-column joint under application of static cyclic loading (Record no. 553701)
[ view plain ]
| 000 -LEADER | |
|---|---|
| fixed length control field | 00549nam a22001697a 4500 |
| 082 ## - DEWEY DECIMAL CLASSIFICATION NUMBER | |
| Classification number | P687 |
| 100 ## - MAIN ENTRY--PERSONAL NAME | |
| Personal name | Muhammad Mohsin Syn#26 |
| 9 (RLIN) | 50944 |
| 245 ## - TITLE STATEMENT | |
| Title | Performance analysis of reinforced concrete beam-column joint under application of static cyclic loading |
| Remainder of title | Project |
| 250 ## - EDITION STATEMENT | |
| Edition statement | 2016 |
| 260 ## - PUBLICATION, DISTRIBUTION, ETC. | |
| Place of publication, distribution, etc. | Risalpur Cantt, |
| Name of publisher, distributor, etc. | MCE, |
| Date of publication, distribution, etc. | 2016. |
| 300 ## - PHYSICAL DESCRIPTION | |
| Extent | 81 P. ; |
| Other physical details | ill, ; |
| Dimensions | 26 cm. |
| 526 ## - STUDY PROGRAM INFORMATION NOTE | |
| Program name | 0 |
| Interest level | 0 |
| Reading level | 0 |
| Title point value | P_687_000000000000000 |
| 526 ## - STUDY PROGRAM INFORMATION NOTE | |
| Program name | 0 |
| Interest level | 0 |
| Reading level | 0 |
| Title point value | P_688_000000000000000 |
| 650 ## - SUBJECT ADDED ENTRY--TOPICAL TERM | |
| Topical term or geographic name entry element | P687 |
| 9 (RLIN) | 50945 |
| 700 ## - ADDED ENTRY--PERSONAL NAME | |
| Personal name | Maj Muhmmad Rizwan |
| 9 (RLIN) | 50946 |
| 942 ## - ADDED ENTRY ELEMENTS (KOHA) | |
| Source of classification or shelving scheme | |
| Koha item type | Book Bank |
| Withdrawn status | Lost status | Source of classification or shelving scheme | Damaged status | Not for loan | Permanent Location | Current Location | Date acquired | Total Checkouts | Full call number | Barcode | Date last seen | Price effective from | Koha item type | Date last checked out | Copy number |
|---|---|---|---|---|---|---|---|---|---|---|---|---|---|---|---|
| Military College of Engineering (MCE) | Military College of Engineering (MCE) | 07/15/2016 | P687 | MCE-P-687 | 07/15/2016 | 03/14/2021 | Book Bank | ||||||||
| Military College of Engineering (MCE) | Military College of Engineering (MCE) | 07/15/2016 | 1 | P688 | MCE-P-688 | 12/12/2019 | 03/14/2021 | Book Bank | 10/21/2019 | 2 |
